[Event "26. Copenhagen Open  (Politiken Cup)"]
[Site "Taastrup"]
[Date "2004.07.24"]
[Round "1"]
[White "Willumsen, Niels Henrik"]
[Black "Jensen, Brian W"]
[Result "1-0"]
[WhiteElo "2178"]
[BlackElo "1623"]
[PlyCount "51"]
[EventDate "2004.07.24"]
[EventType "swiss"]
[EventRounds "10"]
[EventCountry "DEN"]
[SourceDate "2004.01.01"]

1. e4 d6 2. d4 Nf6 3. Nc3 Nbd7 4. f4 Nb6 5. Bd3 Bg4 6. Nf3 Nfd7 7. O-O e5 8.
fxe5 dxe5 9. dxe5 Bc5+ 10. Kh1 Bxf3 11. Qxf3 Nxe5 12. Qg3 Ng6 13. Bf4 c6 14. e5
Qh4 15. Ne4 Qxg3 16. Bxg3 Be7 17. Nd6+ Bxd6 18. exd6 O-O 19. Rad1 Rfe8 20. Bf5
Rad8 21. d7 Re7 22. Bc7 Rdxd7 23. Bxd7 Nxd7 24. Bd8 Kf8 25. Bxe7+ Kxe7 26.
Rxd7+ 1-0

[Event "26. Copenhagen Open  (Politiken Cup)"]
[Site "Taastrup"]
[Date "2004.07.24"]
[Round "1"]
[White "Wilsbeck, Jan Borge"]
[Black "Hansen, Torbjorn Ringdal"]
[Result "0-1"]
[WhiteElo "1973"]
[BlackElo "2346"]
[PlyCount "48"]
[EventDate "2004.07.24"]
[EventType "swiss"]
[EventRounds "10"]
[EventCountry "DEN"]
[SourceDate "2004.01.01"]

1. e4 c6 2. d4 d5 3. e5 Bf5 4. Nc3 e6 5. g4 Bg6 6. Nge2 Ne7 7. Nf4 c5 8. Be3
cxd4 9. Bxd4 Nec6 10. Bb5 a6 11. Ba4 b5 12. Bb3 Nxd4 13. Nxg6 hxg6 14. Qxd4 Nc6
15. Qe3 Bb4 16. O-O-O Bxc3 17. Qxc3 Qg5+ 18. Kb1 Rc8 19. Rde1 Qxg4 20. Rhg1 Qf4
21. Bxd5 Ne7 22. Qa5 Nxd5 23. Qxa6 O-O 24. Qxb5 Nc3+ 0-1

[Event "26. Copenhagen Open  (Politiken Cup)"]
[Site "Taastrup"]
[Date "2004.07.24"]
[Round "1"]
[White "Zyde, Furat"]
[Black "Nielsen, Jens Holm"]
[Result "0-1"]
[WhiteElo "1069"]
[BlackElo "2068"]
[PlyCount "74"]
[EventDate "2004.07.24"]
[EventType "swiss"]
[EventRounds "10"]
[EventCountry "DEN"]
[SourceDate "2004.01.01"]

1. e4 Nc6 2. Nc3 Nf6 3. Bc4 e6 4. d4 Nxe4 5. Nxe4 d5 6. Bxd5 Qxd5 7. Qd3 Qxd4
8. Nf3 Qxd3 9. cxd3 Bb4+ 10. Nc3 O-O 11. O-O Rd8 12. Rd1 e5 13. Be3 Bg4 14. Ne4
Bxf3 15. gxf3 f5 16. Nc3 f4 17. a3 Bxc3 18. bxc3 fxe3 19. fxe3 Ne7 20. Rd2 c5
21. c4 Rd6 22. Rb1 b6 23. Rbd1 Rf8 24. Kf2 Rdf6 25. f4 exf4 26. exf4 Rxf4+ 27.
Kg1 Rg4+ 28. Kh1 Nc6 29. Rg2 Rxg2 30. Kxg2 Ne5 31. h3 Rd8 32. Re1 Nxd3 33. Re7
Nb2 34. Rxa7 Nxc4 35. Kf3 Rd3+ 36. Ke4 Rxa3 37. Rb7 Nd6+ 0-1

[Event "26. Copenhagen Open  (Politiken Cup)"]
[Site "Taastrup"]
[Date "2004.07.25"]
[Round "2"]
[White "Aandal, Kristian"]
[Black "Gerstoft, Philip"]
[Result "1/2-1/2"]
[WhiteElo "1927"]
[BlackElo "1285"]
[PlyCount "74"]
[EventDate "2004.07.24"]
[EventType "swiss"]
[EventRounds "10"]
[EventCountry "DEN"]
[SourceDate "2004.01.01"]

1. d4 g6 2. c4 Bg7 3. Nc3 Nf6 4. e4 d6 5. f3 O-O 6. Be3 Nbd7 7. Qd2 c5 8. d5
Ne5 9. Bd3 Nxd3+ 10. Qxd3 Nd7 11. f4 Bh6 12. g4 g5 13. f5 Ne5 14. Qe2 e6 15. h4
Re8 16. Nh3 exf5 17. gxf5 Bxf5 18. exf5 g4 19. Ng5 Nf3+ 20. Kf2 Qf6 21. Nge4
Qxf5 22. Nxd6 Bxe3+ 23. Kg2 Qf4 24. Nxe8 Rxe8 25. Rad1 Re5 26. d6 Bd4 27. Qf1
Re1 28. Nd5 Nxh4+ 29. Rxh4 Qe4+ 30. Kg3 Be5+ 31. Nf4 Rxf1 32. Rxf1 Bxd6 33.
Rxg4+ Kf8 34. Kh3 Bxf4 35. Rgxf4 Qe6+ 36. Kg3 Qg6+ 37. Kh3 Qe6+ 1/2-1/2

[Event "26. Copenhagen Open  (Politiken Cup)"]
[Site "Taastrup"]
[Date "2004.07.25"]
[Round "2"]
[White "Agustsson, Hafsteinn"]
[Black "Marcussen, Johnni A"]
[Result "1-0"]
[WhiteElo "1957"]
[BlackElo "1359"]
[PlyCount "51"]
[EventDate "2004.07.24"]
[EventType "swiss"]
[EventRounds "10"]
[EventCountry "DEN"]
[SourceDate "2004.01.01"]

1. e4 e5 2. Nf3 Nc6 3. Bb5 a6 4. Ba4 b5 5. Bb3 Nf6 6. O-O Bc5 7. c3 d6 8. Re1
Bg4 9. d3 O-O 10. Nbd2 Re8 11. h3 Bxf3 12. Nxf3 h6 13. Nh4 d5 14. exd5 Nxd5 15.
Qf3 Nf4 16. Bxf4 exf4 17. Qxf4 Qd7 18. d4 Bd6 19. Qf5 Qxf5 20. Nxf5 Na5 21. Bd5
Rad8 22. Nxd6 cxd6 23. b3 Rxe1+ 24. Rxe1 Rd7 25. Re8+ Kh7 26. Ra8 1-0

[Event "26. Copenhagen Open  (Politiken Cup)"]
[Site "Taastrup"]
[Date "2004.07.25"]
[Round "2"]
[White "Archangelsky, Mikhail"]
[Black "Ramme, Christoph"]
[Result "1-0"]
[WhiteElo "2312"]
[BlackElo "2089"]
[PlyCount "113"]
[EventDate "2004.07.24"]
[EventType "swiss"]
[EventRounds "10"]
[EventCountry "DEN"]
[SourceDate "2004.01.01"]

1. d4 c5 2. d5 g6 3. e4 Bg7 4. Nc3 d6 5. Nf3 a6 6. a4 Nf6 7. Be2 Bg4 8. O-O O-O
9. Nd2 Bxe2 10. Qxe2 Nbd7 11. a5 Qc7 12. Nc4 Rfe8 13. Rd1 e6 14. dxe6 Rxe6 15.
Bf4 Bf8 16. Qd3 Ne5 17. Bxe5 dxe5 18. Nb6 Rb8 19. Ncd5 Nxd5 20. Nxd5 Qc6 21. c4
Rd6 22. Ra3 b5 23. axb6 Rxb6 24. Qc3 Bg7 25. Rda1 Rb7 26. b3 h6 27. g3 Kh7 28.
Qe3 Bf8 29. Ra5 Re6 30. Qc3 Bg7 31. Qe3 Bf8 32. Kg2 h5 33. h4 Rb8 34. Qf3 Rb7
35. R5a3 Bg7 36. g4 hxg4 37. Qxg4 Bh6 38. Rxa6 Qxa6 39. Rxa6 Rxa6 40. Qc8 Raa7
41. Qxc5 Bg7 42. b4 f5 43. b5 Rf7 44. exf5 gxf5 45. b6 Rad7 46. Qc6 e4 47. Qe6
Bd4 48. c5 Rg7+ 49. Kf1 Rdf7 50. c6 e3 51. fxe3 Bxb6 52. Nxb6 f4 53. Qe4+ Kh8
54. exf4 Rg4 55. Qe5+ Kg8 56. Nd5 Rxh4 57. Qg5+ 1-0

[Event "26. Copenhagen Open  (Politiken Cup)"]
[Site "Taastrup"]
[Date "2004.07.25"]
[Round "2"]
[White "Auchenberg, Per"]
[Black "Lahlum, Hans Olav"]
[Result "0-1"]
[WhiteElo "2082"]
[BlackElo "2254"]
[PlyCount "67"]
[EventDate "2004.07.24"]
[EventType "swiss"]
[EventRounds "10"]
[EventCountry "DEN"]
[SourceDate "2004.01.01"]

1. f4 d5 2. b3 c5 3. e3 a6 4. Bb2 Nc6 5. Nf3 f6 6. g3 Nh6 7. Bg2 e6 8. O-O Be7
9. Qe2 O-O 10. Nc3 b5 11. Nd1 Bb7 12. Nf2 Qc7 13. g4 Nf7 14. h4 e5 15. fxe5
fxe5 16. d3 Na5 17. g5 Rae8 18. Ng4 d4 19. exd4 exd4 20. Rae1 Qc8 21. Nfe5 Bd6
22. Bxb7 Qxb7 23. Rxf7 Rxf7 24. Nxf7 Rxe2 25. Nfh6+ gxh6 26. Nxh6+ Kg7 27. Rxe2
Qd7 28. Rf2 Qe6 29. Bc1 Qe1+ 30. Kg2 Qxc1 31. Nf5+ Kf7 32. Nxd6+ Ke7 33. Ne4 c4
34. bxc4 0-1

[Event "26. Copenhagen Open  (Politiken Cup)"]
[Site "Taastrup"]
[Date "2004.07.25"]
[Round "2"]
[White "Bank, Pelle Rodkjaer"]
[Black "Larsen, Andreas"]
[Result "1-0"]
[WhiteElo "2277"]
[BlackElo "1537"]
[PlyCount "41"]
[EventDate "2004.07.24"]
[EventType "swiss"]
[EventRounds "10"]
[EventCountry "DEN"]
[SourceDate "2004.01.01"]

1. e4 d5 2. exd5 Nf6 3. Nf3 Nxd5 4. d4 Bf5 5. Bg5 h6 6. Bh4 g5 7. Bg3 Bg7 8. h4
Nb4 9. Na3 g4 10. Ne5 h5 11. Bc4 e6 12. Qe2 c6 13. O-O Bf6 14. c3 Nd5 15. Rfe1
Nb6 16. Rad1 O-O 17. Bd3 Bxd3 18. Rxd3 Bxh4 19. Nxg4 Qg5 20. Bxh4 Qxh4 21. Rh3
1-0

[Event "26. Copenhagen Open  (Politiken Cup)"]
[Site "Taastrup"]
[Date "2004.07.25"]
[Round "2"]
[White "Borchgrevink, Harald"]
[Black "Jensen, Sren"]
[Result "1-0"]
[WhiteElo "2227"]
[BlackElo "1609"]
[PlyCount "41"]
[EventDate "2004.07.24"]
[EventType "swiss"]
[EventRounds "10"]
[EventCountry "DEN"]
[SourceDate "2004.01.01"]

1. d4 Nf6 2. c4 e6 3. Nf3 b6 4. a3 Be7 5. Nc3 Bb7 6. Bf4 O-O 7. Rc1 d6 8. d5
Nh5 9. Bg3 Nd7 10. e4 Nxg3 11. hxg3 exd5 12. cxd5 g6 13. Qd2 f5 14. Nd4 Rf7 15.
Ne6 Qc8 16. exf5 Rxf5 17. Bd3 Re5+ 18. Kf1 Ba6 19. Bxa6 Qxa6+ 20. Kg1 Rc8 21.
Qh6 1-0

[Event "26. Copenhagen Open  (Politiken Cup)"]
[Site "Taastrup"]
[Date "2004.07.25"]
[Round "2"]
[White "Brasoy, Aksel"]
[Black "Pedersen, Kaj Vinding"]
[Result "1-0"]
[WhiteElo "2004"]
[BlackElo "1496"]
[PlyCount "43"]
[EventDate "2004.07.24"]
[EventType "swiss"]
[EventRounds "10"]
[EventCountry "DEN"]
[SourceDate "2004.01.01"]

1. d4 Nf6 2. c4 e5 3. dxe5 Ng4 4. e3 Bb4+ 5. Bd2 Bxd2+ 6. Qxd2 Nxe5 7. Nc3 d6
8. f4 Ng4 9. Nf3 Bd7 10. e4 Bc6 11. Bd3 a5 12. O-O Nd7 13. Rae1 O-O 14. h3 Ngf6
15. Qf2 Nc5 16. Bb1 b6 17. Qh4 Nfd7 18. Qg3 Qf6 19. e5 dxe5 20. fxe5 Qh6 21.
Nd4 Bb7 22. Nf5 1-0

[Event "26. Copenhagen Open  (Politiken Cup)"]
[Site "Taastrup"]
[Date "2004.07.25"]
[Round "2"]
[White "Bronnum, Jan"]
[Black "Hansen, Martin"]
[Result "1-0"]
[WhiteElo "2202"]
[BlackElo "1732"]
[PlyCount "61"]
[EventDate "2004.07.24"]
[EventType "swiss"]
[EventRounds "10"]
[EventCountry "DEN"]
[SourceDate "2004.01.01"]

1. d4 d5 2. Nf3 Nf6 3. Bf4 c6 4. e3 Bf5 5. c4 e6 6. Qb3 Qb6 7. c5 Qxb3 8. axb3
Nbd7 9. b4 Be7 10. h3 O-O 11. b5 Ne4 12. bxc6 bxc6 13. Ba6 Rae8 14. Bb7 Nb8 15.
Ne5 f6 16. Nxc6 e5 17. Bh2 Nxc6 18. Bxc6 exd4 19. Bxe8 Rxe8 20. b4 Nc3 21. Nxc3
dxc3 22. O-O Ra8 23. Rfd1 Be6 24. Rdc1 Bd7 25. Rxc3 Bb5 26. Rd1 a5 27. bxa5
Rxa5 28. c6 Bc4 29. c7 Ra8 30. e4 Bb4 31. Rxc4 1-0

[Event "26. Copenhagen Open  (Politiken Cup)"]
[Site "Taastrup"]
[Date "2004.07.25"]
[Round "2"]
[White "Carlsen, Ellen Oen"]
[Black "Carlstedt, Jonathan"]
[Result "0-1"]
[WhiteElo "1183"]
[BlackElo "1774"]
[PlyCount "134"]
[EventDate "2004.07.24"]
[EventType "swiss"]
[EventRounds "10"]
[EventCountry "DEN"]
[SourceDate "2004.01.01"]

1. e4 c5 2. Nf3 d6 3. d4 cxd4 4. Nxd4 Nf6 5. Nc3 g6 6. Bc4 Bg7 7. f3 O-O 8. Be3
Nc6 9. Qd2 Bd7 10. O-O-O Qa5 11. g4 Rfc8 12. Bb3 Ne5 13. h4 Nc4 14. Bxc4 Rxc4
15. Nb3 Qa6 16. h5 Rac8 17. Kb1 b5 18. hxg6 fxg6 19. Rc1 Rxc3 20. bxc3 Qa3 21.
Bd4 Rc6 22. c4 Ra6 23. c3 bxc4 24. Na1 Nxe4 25. Qb2 Nd2+ 26. Qxd2 Bxd4 27. cxd4
Rb6+ 28. Nb3 cxb3 29. Qh2 h6 30. Qd2 h5 31. Rh2 hxg4 32. fxg4 bxa2+ 33. Ka1
Rb1+ 34. Rxb1 axb1=Q+ 35. Kxb1 Bxg4 36. Qa2+ Qxa2+ 37. Rxa2 Kf7 38. Kc2 g5 39.
Kd3 Bd7 40. Rxa7 Bc6 41. Ke3 Kf6 42. Kf2 g4 43. Kg3 Bf3 44. Ra4 Kf5 45. Ra7 e6
46. Ra5+ Ke4 47. Ra6 Kd5 48. Ra4 Be2 49. Ra2 Bd3 50. Kxg4 Kxd4 51. Kf4 e5+ 52.
Kf3 d5 53. Kf2 Bc4 54. Ra3 e4 55. Rh3 Bd3 56. Ke1 Kc3 57. Rh5 d4 58. Rh2 Bc4
59. Kd1 e3 60. Rc2+ Kd3 61. Rc1 Bb3+ 62. Ke1 Ke4 63. Rb1 Bc4 64. Rb2 d3 65. Rh2
Kd4 66. Rh3 d2+ 67. Kd1 Bb3+ 0-1

[Event "26. Copenhagen Open  (Politiken Cup)"]
[Site "Taastrup"]
[Date "2004.07.25"]
[Round "2"]
[White "Eddy, Samuel"]
[Black "Pozzo, Sebastian"]
[Result "0-1"]
[WhiteElo "2048"]
[BlackElo "1650"]
[PlyCount "82"]
[EventDate "2004.07.24"]
[EventType "swiss"]
[EventRounds "10"]
[EventCountry "DEN"]
[SourceDate "2004.01.01"]

1. d4 Nf6 2. Nc3 e6 3. Bg5 Bb4 4. e4 c5 5. dxc5 Bxc5 6. e5 h6 7. exf6 hxg5 8.
Ne4 gxf6 9. Qf3 Bb4+ 10. c3 Be7 11. O-O-O d5 12. c4 f5 13. Nc3 g4 14. Qg3 Bh4
15. Qd3 d4 16. Nb5 e5 17. c5 Be7 18. f3 g3 19. Nh3 Bxc5 20. hxg3 a6 21. Qc2 Qe7
22. Nxd4 Bxd4 23. Qxc8+ Qd8 24. Qxd8+ Kxd8 25. Bc4 Ke7 26. Rhe1 Kf6 27. Bb3 Rg8
28. f4 Nc6 29. Ng5 e4 30. Bxf7 Rxg5 31. fxg5+ Kxf7 32. g4 Kg6 33. gxf5+ Kxf5
34. g4+ Kf4 35. Rh1 Kxg5 36. Rh7 e3 37. Rdh1 Rc8 38. Kd1 Bxb2 39. Rxb7 Ba3 40.
Rhh7 Nd4 41. Rh5+ Kf4 0-1

[Event "26. Copenhagen Open  (Politiken Cup)"]
[Site "Taastrup"]
[Date "2004.07.25"]
[Round "2"]
[White "Eiholt, Bjarne"]
[Black "Mortensen, Jan T"]
[Result "0-1"]
[WhiteElo "1542"]
[BlackElo "2028"]
[PlyCount "102"]
[EventDate "2004.07.24"]
[EventType "swiss"]
[EventRounds "10"]
[EventCountry "DEN"]
[SourceDate "2004.01.01"]

1. d4 Nf6 2. c4 c5 3. d5 e6 4. Nc3 exd5 5. cxd5 d6 6. Nf3 g6 7. Bg5 Bg7 8. e3
Bg4 9. Be2 Qa5 10. O-O O-O 11. Nd2 Bxe2 12. Qxe2 Nbd7 13. Nc4 Qa6 14. a4 Ne5
15. Nxe5 Qxe2 16. Nxe2 dxe5 17. Bxf6 Bxf6 18. e4 Bg5 19. g3 Bh6 20. f4 Rfe8 21.
Nc3 Rad8 22. Rad1 Rd6 23. Rf3 Bg7 24. f5 Rb6 25. Nb5 Rd8 26. Rd2 a6 27. Nc3 Bh6
28. Rc2 Rb3 29. Kg2 b5 30. fxg6 hxg6 31. axb5 axb5 32. Rcf2 Rd7 33. Rc2 c4 34.
h4 Bf8 35. g4 Bc5 36. Ne2 Rxf3 37. Kxf3 Rd6 38. g5 Ra6 39. Nc3 Ra5 40. Ne2 Kf8
41. Kg4 Bd4 42. Rd2 Be3 43. Rd1 Ra2 44. Kf3 Bd4 45. Nxd4 exd4 46. Rxd4 Rxb2 47.
d6 Ke8 48. h5 Rb3+ 49. Kf4 gxh5 50. g6 fxg6 51. e5 Rd3 0-1

[Event "26. Copenhagen Open  (Politiken Cup)"]
[Site "Taastrup"]
[Date "2004.07.25"]
[Round "2"]
[White "Engelbert, Christoph"]
[Black "Ringsborg, Allan"]
[Result "1-0"]
[WhiteElo "2213"]
[BlackElo "1747"]
[PlyCount "95"]
[EventDate "2004.07.24"]
[EventType "swiss"]
[EventRounds "10"]
[EventCountry "DEN"]
[SourceDate "2004.01.01"]

1. e4 e5 2. Nf3 Nf6 3. Nxe5 d6 4. Nf3 Nxe4 5. d3 Nf6 6. d4 d5 7. Bd3 h6 8. O-O
Be7 9. h3 O-O 10. Bf4 Ne4 11. Nbd2 Bf5 12. Re1 Nxd2 13. Bxf5 Nxf3+ 14. Qxf3 Bd6
15. Be3 Nc6 16. c3 Ne7 17. Bd3 c6 18. Re2 Ng6 19. g3 f5 20. Qh5 Ne7 21. Rae1
Qe8 22. Qxe8 Raxe8 23. Bf4 Bxf4 24. Rxe7 Rxe7 25. Rxe7 Bc1 26. Rxb7 f4 27. Kh2
fxg3+ 28. Kxg3 Rf6 29. h4 h5 30. a4 g5 31. hxg5 Bxg5 32. Rxa7 h4+ 33. Kg4 Bc1
34. Rb7 h3 35. Kxh3 Rf3+ 36. Kg2 Rxd3 37. a5 Bxb2 38. Rxb2 Rxc3 39. Ra2 Rb3 40.
a6 Rb8 41. a7 Ra8 42. Kf3 Kf7 43. Ke3 Ke6 44. Kd3 Kd6 45. Kc3 Ke6 46. Kb4 Kf5
47. Kc5 Ke4 48. Ra3 1-0

[Event "26. Copenhagen Open  (Politiken Cup)"]
[Site "Taastrup"]
[Date "2004.07.25"]
[Round "2"]
[White "Erikstad, Olav"]
[Black "Romsdal, Trond"]
[Result "0-1"]
[WhiteElo "1503"]
[BlackElo "2212"]
[PlyCount "82"]
[EventDate "2004.07.24"]
[EventType "swiss"]
[EventRounds "10"]
[EventCountry "DEN"]
[SourceDate "2004.01.01"]

1. e4 c5 2. Nc3 Nc6 3. d3 d6 4. g3 g6 5. Bg2 Bg7 6. Nge2 Rb8 7. O-O b5 8. a3 a5
9. Rb1 b4 10. axb4 axb4 11. Nd5 e6 12. Ne3 Nge7 13. b3 O-O 14. f4 f5 15. exf5
gxf5 16. Kh1 Bb7 17. Ng1 Nd4 18. Bxb7 Rxb7 19. Nf3 Ra7 20. Bb2 Qa8 21. Kg1
Nxf3+ 22. Qxf3 Bxb2 23. Qxa8 Rfxa8 24. Rxb2 Kf7 25. Nc4 Ra6 26. Ne3 Nc6 27. Rc1
Nd4 28. Kf2 Ra1 29. Rxa1 Rxa1 30. Nc4 Ke7 31. Ne3 Nb5 32. Nc4 Nc3 33. Ne3 d5
34. Kf3 d4 35. Nc4 Nd1 36. Ke2 Nxb2 37. Nxb2 Ra2 38. Na4 Kd6 39. Kd2 Kc6 40. h3
h5 41. Kc1 Ra1+ 0-1

[Event "26. Copenhagen Open  (Politiken Cup)"]
[Site "Taastrup"]
[Date "2004.07.25"]
[Round "2"]
[White "Fant, Goran"]
[Black "Al Saad, Mofid"]
[Result "0-1"]
[WhiteElo "1997"]
[BlackElo "1493"]
[PlyCount "78"]
[EventDate "2004.07.24"]
[EventType "swiss"]
[EventRounds "10"]
[EventCountry "DEN"]
[SourceDate "2004.01.01"]

1. d4 Nf6 2. Nf3 g6 3. c4 Bg7 4. Nc3 O-O 5. e4 d6 6. Be2 c6 7. Bg5 Nbd7 8. Qd2
Re8 9. Rd1 Qa5 10. O-O e5 11. dxe5 dxe5 12. a3 Qc7 13. b4 Nf8 14. Qd6 Ne6 15.
Qxc7 Nxc7 16. Rd6 Ne6 17. Bh4 Nh5 18. c5 Nd4 19. Nxd4 exd4 20. Bxh5 dxc3 21.
Bd1 Be6 22. Bc2 a5 23. f4 axb4 24. axb4 Ra2 25. Rc1 Rb2 26. Rcd1 f5 27. exf5
gxf5 28. Re1 Kf7 29. Bd1 Kf8 30. Bh5 Ra8 31. Rdxe6 Bd4+ 32. Kf1 c2 33. R6e2 Ra1
34. Rxa1 Rb1+ 35. Rxb1 cxb1=Q+ 36. Be1 Bc3 37. Re8+ Kg7 38. Re7+ Kf6 39. Rf7+
Ke6 0-1

[Event "26. Copenhagen Open  (Politiken Cup)"]
[Site "Taastrup"]
[Date "2004.07.25"]
[Round "2"]
[White "Fjellheim, Marius"]
[Black "Abrahamsson, Daniel"]
[Result "0-1"]
[WhiteElo "1237"]
[BlackElo "1803"]
[PlyCount "60"]
[EventDate "2004.07.24"]
[EventType "swiss"]
[EventRounds "10"]
[EventCountry "DEN"]
[SourceDate "2004.01.01"]

1. d4 Nf6 2. Bg5 e6 3. e4 Be7 4. Nd2 d5 5. e5 Nfd7 6. h4 c5 7. c3 Nc6 8. Ndf3
O-O 9. Bd3 f6 10. exf6 gxf6 11. Qc2 f5 12. Nh3 cxd4 13. Bxe7 Qxe7 14. cxd4 Nb4
15. Qd2 e5 16. dxe5 Nxe5 17. Nxe5 Qxe5+ 18. Kf1 Nxd3 19. Qxd3 Qe4 20. Qg3+ Kh8
21. Re1 Qc4+ 22. Kg1 f4 23. Qc3+ Qxc3 24. bxc3 Bg4 25. Re7 Rac8 26. Rxb7 Rxc3
27. Rxa7 d4 28. f3 Bxh3 29. gxh3 Rb8 30. Kf1 Rc2 0-1

[Event "26. Copenhagen Open  (Politiken Cup)"]
[Site "Taastrup"]
[Date "2004.07.25"]
[Round "2"]
[White "Forsaa, Espen"]
[Black "Moberg, Jan Rune"]
[Result "1/2-1/2"]
[WhiteElo "2027"]
[BlackElo "1525"]
[PlyCount "75"]
[EventDate "2004.07.24"]
[EventType "swiss"]
[EventRounds "10"]
[EventCountry "DEN"]
[SourceDate "2004.01.01"]

1. c4 b6 2. Nc3 Bb7 3. e4 e6 4. d3 Nf6 5. Bg5 h6 6. Bh4 Be7 7. Nf3 d5 8. exd5
exd5 9. Be2 O-O 10. O-O d4 11. Nb1 c5 12. Nbd2 Nc6 13. a3 a5 14. Qa4 g5 15. Bg3
Bd6 16. Rfe1 Bxg3 17. hxg3 Re8 18. Nh2 Ne5 19. Ndf3 Bc6 20. Qc2 Qd6 21. Nxe5
Rxe5 22. Bf3 Rae8 23. Qd2 Bd7 24. Rxe5 Qxe5 25. Kf1 g4 26. Bb7 Kg7 27. Re1
Qxe1+ 28. Qxe1 Rxe1+ 29. Kxe1 b5 30. cxb5 Bxb5 31. Kd2 h5 32. Kc2 Ba4+ 33. b3
Bd7 34. Nf1 Ne8 35. Nd2 Nd6 36. Bd5 f5 37. Nc4 Nxc4 38. bxc4 1/2-1/2

[Event "26. Copenhagen Open  (Politiken Cup)"]
[Site "Taastrup"]
[Date "2004.07.25"]
[Round "2"]
[White "Forsmann, Henning"]
[Black "Andersen, Daniel"]
[Result "0-1"]
[WhiteElo "1641"]
[BlackElo "2044"]
[PlyCount "64"]
[EventDate "2004.07.24"]
[EventType "swiss"]
[EventRounds "10"]
[EventCountry "DEN"]
[SourceDate "2004.01.01"]

1. d4 Nf6 2. c4 g6 3. g3 Bg7 4. Bg2 d5 5. cxd5 Nxd5 6. Nf3 O-O 7. O-O Nc6 8.
Nc3 Nb6 9. e3 e5 10. d5 Ne7 11. e4 h6 12. Qb3 Kh7 13. Be3 c6 14. Rfd1 cxd5 15.
exd5 Nf5 16. Bc5 Re8 17. Ne4 Nd7 18. Bb4 Nb6 19. Ba5 Nd6 20. Nfd2 f5 21. Nc5 e4
22. Rac1 Re5 23. Ne6 Bxe6 24. dxe6 Rxa5 25. Nc4 Nbxc4 26. Rxc4 Qe7 27. Qb4 Ra6
28. Rdc1 Rb6 29. Qa3 Bxb2 30. Rc7 Bxa3 31. Rxe7+ Kg8 32. Rcc7 Ne8 0-1

[Event "26. Copenhagen Open  (Politiken Cup)"]
[Site "Taastrup"]
[Date "2004.07.25"]
[Round "2"]
[White "Frank Nielsen, Marie"]
[Black "Jensen, Jan Erik"]
[Result "1-0"]
[WhiteElo "1895"]
[BlackElo "1259"]
[PlyCount "51"]
[EventDate "2004.07.24"]
[EventType "swiss"]
[EventRounds "10"]
[EventCountry "DEN"]
[SourceDate "2004.01.01"]

1. e4 e5 2. d4 Nc6 3. d5 Nce7 4. c4 d6 5. Be3 Nf6 6. Nc3 g6 7. c5 Bg7 8. Nf3
Bg4 9. h3 Bxf3 10. Qxf3 O-O 11. Bc4 Nd7 12. cxd6 cxd6 13. O-O b6 14. Rac1 Rc8
15. Nb5 Nc5 16. Nxa7 Ra8 17. Nc6 Qc7 18. b4 Nxc6 19. bxc5 Na5 20. cxb6 Qd7 21.
Qe2 Nxc4 22. Rxc4 Rfb8 23. Rc7 Qd8 24. Rfc1 Qe8 25. b7 Ra4 26. Rc8 1-0

[Event "26. Copenhagen Open  (Politiken Cup)"]
[Site "Taastrup"]
[Date "2004.07.25"]
[Round "2"]
[White "Gvein, Kenneth"]
[Black "Hjelm, Niclas"]
[Result "1/2-1/2"]
[WhiteElo "2102"]
[BlackElo "2339"]
[PlyCount "146"]
[EventDate "2004.07.24"]
[EventType "swiss"]
[EventRounds "10"]
[EventCountry "DEN"]
[SourceDate "2004.01.01"]

1. c4 Nf6 2. g3 d5 3. cxd5 Nxd5 4. Bg2 g6 5. Nf3 Bg7 6. O-O O-O 7. Nc3 Nc6 8.
a3 Nb6 9. d3 e5 10. Be3 Nd4 11. b4 c6 12. Rc1 Qe7 13. Ne4 Be6 14. Bg5 f6 15.
Nxd4 exd4 16. Bf4 Rad8 17. Nc5 Bd5 18. Re1 Bxg2 19. Kxg2 Nd5 20. e4 dxe3 21.
Bxe3 Qf7 22. Qf3 Rfe8 23. h4 Bf8 24. Ne4 Nxe3+ 25. Rxe3 Bg7 26. Rce1 Kf8 27.
Qf4 Re5 28. Nc5 Kg8 29. R1e2 Qd5+ 30. f3 b6 31. Ne4 Rf8 32. Nc3 Rxe3 33. Qxe3
Qf7 34. Ne4 Rd8 35. g4 Qd5 36. g5 fxg5 37. Nxg5 Rf8 38. Qe6+ Qxe6 39. Rxe6 Rd8
40. Rxc6 Bh6 41. d4 Bxg5 42. hxg5 Rxd4 43. Rc8+ Kf7 44. Rc7+ Ke6 45. Rxa7 Kf5
46. Rxh7 Kxg5 47. Rb7 Rd3 48. a4 Ra3 49. Rxb6 Rxa4 50. Kg3 Ra1 51. Rb5+ Kf6 52.
Rc5 Rb1 53. Rc4 g5 54. Rc6+ Kf5 55. Rb6 Rg1+ 56. Kf2 Rb1 57. Rb8 Kf4 58. Rf8+
Ke5 59. Re8+ Kf5 60. Re4 Rb2+ 61. Kg3 Rb1 62. Rc4 Rg1+ 63. Kf2 Rb1 64. Kg2 Ke5
65. Kh3 Rh1+ 66. Kg2 Rb1 67. Kf2 Kf5 68. Kg2 Ke5 69. Re4+ Kf5 70. Rg4 Rb2+ 71.
Kg3 Rb1 72. Rc4 Rg1+ 73. Kf2 Rb1 1/2-1/2

[Event "26. Copenhagen Open  (Politiken Cup)"]
[Site "Taastrup"]
[Date "2004.07.25"]
[Round "2"]
[White "Hammer, Jon Ludvig"]
[Black "Gaspariants, Garry"]
[Result "1-0"]
[WhiteElo "2095"]
[BlackElo "2293"]
[PlyCount "91"]
[EventDate "2004.07.24"]
[EventType "swiss"]
[EventRounds "10"]
[EventCountry "DEN"]
[SourceDate "2004.01.01"]

1. e4 e5 2. Nf3 Nc6 3. Bc4 Bc5 4. O-O Nf6 5. d4 exd4 6. e5 d5 7. exf6 dxc4 8.
Re1+ Be6 9. Ng5 Qd5 10. Nc3 Qf5 11. Nce4 O-O-O 12. g4 Qd5 13. fxg7 Rhg8 14.
Nxe6 fxe6 15. Nf6 Qd6 16. Nxg8 Rxg8 17. Bh6 e5 18. g5 Qd7 19. Qf3 d3 20. cxd3
Nd4 21. Qe4 cxd3 22. Rad1 d2 23. Rxd2 Bb4 24. Rxd4 exd4 25. Rd1 Bc5 26. b4 Bxb4
27. Rxd4 Bd6 28. Qd5 Qd8 29. Qe6+ Kb8 30. Qf6 Qc8 31. Re4 a6 32. Qe6 Qd8 33.
Kg2 Ka7 34. Qd5 Qc8 35. h3 Rd8 36. Qe6 Qa8 37. g6 hxg6 38. Qxg6 b6 39. Qg4 Qd5
40. Qf3 Qxa2 41. Rg4 a5 42. Qc6 Rg8 43. Be3 Be5 44. Bd4 Qe2 45. Qe6 Rxg7 46.
Bxe5 1-0

[Event "26. Copenhagen Open  (Politiken Cup)"]
[Site "Taastrup"]
[Date "2004.07.25"]
[Round "2"]
[White "Hansen, Erik Friberg"]
[Black "Thomassen, Thomas"]
[Result "0-1"]
[WhiteElo "1286"]
[BlackElo "1860"]
[PlyCount "104"]
[EventDate "2004.07.24"]
[EventType "swiss"]
[EventRounds "10"]
[EventCountry "DEN"]
[SourceDate "2004.01.01"]

1. c4 c5 2. Nc3 Nf6 3. g3 g6 4. Bg2 Bg7 5. e3 O-O 6. Nge2 Nc6 7. d3 d6 8. O-O
Bg4 9. f3 Bd7 10. e4 Qc8 11. Be3 Rb8 12. Qd2 Re8 13. Bh6 Bh8 14. Be3 a6 15.
Rab1 b5 16. a3 Ne5 17. b3 Bc6 18. h3 Ned7 19. f4 e6 20. g4 b4 21. axb4 cxb4 22.
Na2 Qb7 23. Bf3 Nc5 24. g5 Nfd7 25. Nd4 Bxd4 26. Bxd4 e5 27. Be3 Rf8 28. h4 f5
29. gxf6 Rxf6 30. Kh2 Ne6 31. Bg4 Ng7 32. f5 gxf5 33. Bxf5 Nxf5 34. Rxf5 Rxf5
35. exf5 Kf7 36. Bh6 Rg8 37. Rg1 Rxg1 38. Kxg1 Qb6+ 39. Kf1 Qd4 40. Nxb4 Bb7
41. Bg5 Qg4 42. Qf2 Qd1+ 43. Qe1 Qxb3 44. Qd2 a5 45. Na2 a4 46. Nc1 Qb6 47. Qe2
Nf6 48. Bxf6 Kxf6 49. Qg4 Qe3 50. Ne2 Bf3 51. Qg5+ Qxg5 52. hxg5+ Kxf5 0-1